Guns And Roses Or AC/DC?-Sudden Death! - Statistics

General Stats
  • This quiz has been taken 212 times
  • The average score is 6 of 10
Answers on the Grid
Answers color-coded by a green-red scale on the quiz's grid according to % correct below.
Highway To Hell
TNT
High Voltage
Thunderstruck
Nightrain
Welcome to the Jungle
Its So Easy
Mr. Brownstone
Dirty Deeds Done Dirt Cheap
Moneytalks
Jailbreak
Perhaps
Hells Bells
Civil War
Knockin On Heavens Door
November Rain
You Could Be Mine
Live and Let Die
Back In Black
Let There Be Rock
Shoot To Thrill
Witch's Spell
Whole Lotta Rosie
For Those About To Rock
Who Made Who
Big Balls
Girls Got Rhythm
Rock And Roll Ain't Noise Pollution
 
Answer Stats
Answer % Correct
Knockin On Heavens Door
78%
Welcome to the Jungle
77%
Mr. Brownstone
70%
November Rain
70%
Civil War
65%
Live and Let Die
63%
You Could Be Mine
62%
Nightrain
60%
Its So Easy
58%
Perhaps
39%
No matching quizzes found
Score Distribution
Percent of People with Each Score
Percentile by Number Answered
Your Score History
You have not taken this quiz